000 00329nam a22001337a 4500
008 170717b xxu||||| |||| 00| 0 eng d
020 _a9780060679927
041 _aeng
080 _a2
100 _a24
101 _aTEO
245 _aCONSTRUCTING CHRISTIAN THEOLOGIES FROM THE UNDERSIDE
_cTHISTLETHWAITE, S.B
942 _2udc
_cBK
999 _c21380
_d21380